[Event "Olympiad Women 2024"]
[Site "Budapest HUN"]
[Date "2024.09.13"]
[Round "3.28"]
[Board "3"]
[White "Fronda, Jan Jodilyn"]
[Black "Boshra, Alshaeby"]
[Result "1-0"]
[WhiteElo "2165"]
[BlackElo "1939"]
[PlyCount "71"]
[EventDate "2024.09.11"]
[WhiteTeam "Philippines"]
[BlackTeam "Jordan"]
[WhiteTeamCountry "PHI"]
[BlackTeamCountry "JOR"]

1. e4 c6 2. d4 d5 3. e5 Bf5 4. Bd3 Bxd3 5. Qxd3 e6 6. Nf3 c5 7. dxc5 Bxc5 8. O-O Nc6 9. a3 ({RR} 9. Nc3 Nge7 10. Bg5 h6 11. Bh4 g5 12. Bg3 Nf5 13. Ne2 h5 14. h3 g4 15. hxg4 Nxg3 16. Nxg3 hxg4 17. Nd2 Qh4 18. Rfe1 O-O-O 19. c3 d4 20. Nde4 dxc3 21. Qxc3 Bb4 22. Qe3 Nd4 23. Rec1+ Kb8 {0-1 Drygalov,S (2490)-Senthil,M (2220) Titled Tuesday intern op 22nd June blitz 2021 (2)}) 9... Rc8 $146 ({RR} 9... a6 10. b4 Bb6 11. c4 dxc4 12. Qxc4 Nge7 13. Bg5 Qd5 14. Nbd2 O-O 15. Qxd5 Nxd5 16. Ne4 h6 17. Bd2 Nd4 18. Nd6 Nxf3+ 19. gxf3 Bd4 20. Rae1 Rab8 21. Re4 Bb6 22. Be3 Nxe3 23. fxe3 Rfd8 24. Kf2 {1-0 Florescu,C (2220)-Van Baar,E (2176) Titled Tue 5th Sep Early 2023 (7)}) ({RR} 9... a6 10. Nc3 Nge7 11. Ne2 Ng6 12. Qc3 Be7 13. Re1 Rc8 14. Nf4 Ncxe5 {0-1 Ho,N (1641)-Meyer,I (1620) GER Cup Net V1 U2000 blitz 2020 (3)}) 10. Nc3 Be7 11. Rd1 g5 12. Qb5 g4 13. Nd4 Qd7 14. Qe2 h5 15. Bf4 a6 16. Nb3 Qc7 17. Qe3 Na5 18. Nxd5 exd5 19. e6 Nc4 20. Qd4 Bf6 21. Qxd5 Nb6 22. Qe4 Qc6 23. Qf5 Qb5 24. Qe4 Qc6 25. Qf5 Qb5 26. Qe4 Qc6 27. Qf5 Qxc2 28. Rd3 Qxb2 29. Re1 Ne7 30. exf7+ Kf8 31. Qe6 Nbd5 32. Rxd5 Nxd5 33. Qxc8+ Kxf7 34. Qe6+ Kg7 35. Qxd5 Rd8 36. Qxd8 1-0

[Event "Olympiad Women 2024"]
[Site "Budapest HUN"]
[Date "2024.09.13"]
[Round "3.28"]
[Board "4"]
[White "Ruba Al-Qudah"]
[Black "Galas, Bernadette"]
[Result "0-1"]
[WhiteElo "1937"]
[BlackElo "2013"]
[PlyCount "68"]
[EventDate "2024.09.11"]
[WhiteTeam "Jordan"]
[BlackTeam "Philippines"]
[WhiteTeamCountry "JOR"]
[BlackTeamCountry "PHI"]

1. e4 c5 2. Be2 Nc6 3. f4 d6 4. Nf3 g6 5. O-O Bg7 6. d3 e6 7. c3 Nge7 8. Be3 O-O 9. a4 ({RR} 9. Kh1 b6 10. d4 Bb7 11. Nbd2 cxd4 12. cxd4 e5 13. fxe5 dxe5 14. d5 Nd4 15. Nc4 Nxe2 16. Qxe2 Ba6 17. b3 Nc8 18. Nfd2 Nd6 19. Rfd1 Qe7 20. Rac1 Rac8 21. Qf3 Rfd8 22. Nxd6 Qxd6 23. Nc4 Bxc4 {0-1 Kovalev,V (2623)-Guseinov,G (2661) Chess.com Rapid Wk2 Swiss 2022 (7)}) ({RR} 9. d4 b6 10. a3 Bb7 11. Nbd2 Rc8 12. Bd3 f5 13. e5 Nd5 14. Qe2 Nxe3 15. Qxe3 d5 16. b4 c4 17. Bc2 a5 18. Ba4 axb4 19. axb4 Ra8 20. Rfb1 Qc7 21. Qe1 Ra7 22. Rb2 Rfa8 23. Rba2 b5 {1-0 Souleidis,G (2418)-Portal Ramos,C (2120) Titled Tue 16th Apr Early 2024 (6)}) 9... b6 10. Nbd2 $146 ({RR} 10. Na3 Bb7 11. Nc2 d5 12. e5 f6 13. d4 cxd4 14. Ncxd4 Nxd4 15. Nxd4 Qd7 16. Bg4 Nf5 17. Bxf5 gxf5 18. exf6 Rxf6 19. Nf3 Rg6 20. Bd4 Rg4 21. Qd2 Bxd4+ 22. Qxd4 Qg7 23. Qxg7+ Rxg7 24. Rfe1 Re7 {½-½ Dinu,D (2203)-Fernandez Siles,L (2220) Titled Tue 17th Jan Early 2023 (4)}) 10... d5 11. e5 d4 12. cxd4 Nd5 13. Nc4 Nxe3 14. Nxe3 Nxd4 15. Nc4 Nxe2+ 16. Qxe2 Bb7 17. Nd6 Bd5 18. Nd2 f6 19. N2c4 fxe5 20. fxe5 Qd7 21. Nb5 Bc6 22. Ncd6 Rad8 23. Rfe1 Rf4 24. h3 Rdf8 25. Rf1 a6 26. Nc3 Qd8 27. Nc4 Qd4+ 28. Kh1 Rf2 29. Rxf2 Rxf2 30. Qe3 Qxe3 31. Nxe3 Rxb2 32. Ncd1 Re2 33. Rb1 Bxe5 34. Nc4 Re1# 0-1

[Event "Olympiad Women 2024"]
[Site "Budapest HUN"]
[Date "2024.09.13"]
[Round "3.29"]
[Board "1"]
[White "Henderson de La Fuente, Andrea"]
[Black "Goossens, Hanne"]
[Result "1-0"]
[WhiteElo "1986"]
[BlackElo "2189"]
[PlyCount "131"]
[EventDate "2024.09.11"]
[WhiteTeam "Andorra"]
[BlackTeam "Belgium"]
[WhiteTeamCountry "AND"]
[BlackTeamCountry "BEL"]

1. e4 e5 2. Nf3 Nc6 3. Bb5 a6 4. Ba4 Nf6 5. d3 d6 6. c3 g6 7. Nbd2 Bg7 8. Nf1 O-O 9. Ng3 b5 10. Bc2 d5 11. Be3 ({RR} 11. O-O h6 12. a4 b4 13. a5 Re8 14. Bd2 Rb8 15. Ba4 Bd7 16. Qc2 bxc3 17. Bxc3 Nb4 18. Bxb4 Rxb4 19. Rfc1 Re6 20. h3 c6 21. Nd2 Qb8 22. Nb3 Rd6 23. Nc5 Bc8 24. b3 h5 25. Ne2 Bh6 {1-0 Sadhwani,R (2616)-Grischuk,A (2758) Chess.com Rapid Wk5 Swiss 2022 (8)}) 11... Re8 12. O-O h6 13. h3 a5 $146 ({RR} 13... Bb7 14. Qc1 Kh7 15. a4 Qd6 16. b4 d4 17. cxd4 exd4 18. Bd2 Nd7 19. Rb1 Rac8 20. Nh2 Ne7 21. axb5 axb5 22. f4 c5 23. bxc5 Qxc5 24. Bb3 f5 25. Be6 Qd6 26. Bxd7 Rxc1 27. Bxe8 Rxf1+ 28. Nhxf1 {0-1 Sadhwani,R (2619)-Kosteniuk,A (2510) Titled Tuesday intern op 14th Jun Late blitz 2022 (4)}) ({RR} 13... Bb7 14. a3 d4 15. Bd2 Qd7 16. cxd4 Nxd4 17. Nxd4 Qxd4 18. b4 Rad8 19. Be3 Qd6 20. Rc1 h5 21. Qe1 Nd7 22. Bb1 Nf8 23. Ne2 Ne6 24. Qc3 Rd7 25. Rfd1 Nf4 26. Rd2 f5 27. f3 Red8 28. Bc5 {1-0 Tejedor Fuente,E (2403)-Pichot,A (2648) TCh-ESP Rapid 2023 (3.2)}) 14. Re1 d4 15. Bd2 Be6 16. cxd4 exd4 17. Qc1 Kh7 18. Bb3 Qd7 19. Bxe6 Rxe6 20. Ne2 Bf8 21. a3 a4 22. b4 axb3 23. Qb2 Bc5 24. Bxh6 Bb6 25. Bd2 Ree8 26. Qxb3 Na5 27. Qb2 c5 28. Reb1 c4 29. Qxb5 Qxb5 30. Rxb5 Nb3 31. Ra2 Ba7 32. dxc4 Nxd2 33. Nxd2 Nxe4 34. Nxe4 Rxe4 35. Rd5 d3 36. Rxd3 Rxc4 37. Rd7 Kg7 38. Rb2 Rb8 39. Rbb7 Rxb7 40. Rxb7 Ra4 41. Rb3 Bc5 42. Nc3 Rxa3 43. Rxa3 Bxa3 44. Nd5 g5 45. g4 Kg6 46. Ne3 Bd6 47. Kg2 Kf6 48. Kf3 Kg6 49. Ke4 Ba3 50. Kd5 Bb4 51. Kc6 Be1 52. f3 Bg3 53. Kd7 Be5 54. Ke7 Bf4 55. Nf5 Be5 56. Nd6 f6 57. Nf5 Bc3 58. Kf8 Bb2 59. Ne7+ Kh7 60. Kf7 Be5 61. Nd5 Kh6 62. Nxf6 Bf4 63. Ne4 Bc1 64. Kf6 Be3 65. Nd6 Bd4+ 66. Kf5 1-0

[Event "Olympiad Women 2024"]
[Site "Budapest HUN"]
[Date "2024.09.13"]
[Round "3.29"]
[Board "2"]
[White "Vanduyfhuys, Daria"]
[Black "De la Riva Real, Ariadna"]
[Result "1-0"]
[WhiteElo "2112"]
[BlackElo "1823"]
[PlyCount "119"]
[EventDate "2024.09.11"]
[WhiteTeam "Belgium"]
[BlackTeam "Andorra"]
[WhiteTeamCountry "BEL"]
[BlackTeamCountry "AND"]

1. d4 d5 2. c4 e6 3. Nf3 Nf6 4. Nc3 Be7 5. Bg5 O-O 6. e3 h6 7. Bh4 b6 8. cxd5 Nxd5 9. Bxe7 Qxe7 10. Nxd5 exd5 11. Bd3 Be6 12. O-O c5 13. Ne5 Nd7 14. Nxd7 Qxd7 15. dxc5 bxc5 16. Rc1 $146 ({RR} 16. b3 a5 17. Qe2 Rab8 18. Rfc1 Rfc8 19. Rab1 Rb4 20. Qe1 Qa7 21. Be2 a4 22. Bd1 axb3 23. axb3 Qb6 24. Ra1 h5 25. h3 h4 26. Qe2 c4 27. bxc4 dxc4 28. Qh5 c3 29. Bc2 f6 30. Qh7+ Kf8 {½-½ Ranasinghe,S (1796)-Grover,S (2306) Commonwealth-ch 2008 (1)}) 16... Rfc8 17. Qd2 a5 18. f4 f5 19. Rfd1 Qe7 20. Be2 Rd8 21. Bf3 a4 22. Qc3 Rac8 23. Qa3 Bf7 24. Kf2 Qh4+ 25. Kg1 Qe7 26. Rd3 Qb7 27. Rdc3 Qb6 28. Rxc5 Rxc5 29. Qxc5 Qxb2 30. Rc2 Qa1+ 31. Kf2 Qf6 32. g3 d4 33. e4 fxe4 34. Bxe4 Bg6 35. Bxg6 Qxg6 36. Qc4+ Kh7 37. Qxa4 Qb6 38. Rd2 d3+ 39. Kf3 Qb7+ 40. Qe4+ Qxe4+ 41. Kxe4 Kg6 42. Rxd3 Ra8 43. a3 Kf6 44. g4 g5 45. f5 Ra4+ 46. Kf3 Rf4+ 47. Kg3 h5 48. h3 hxg4 49. hxg4 Rf1 50. Rd6+ Ke5 51. Re6+ Kd5 52. Re3 Rg1+ 53. Kf3 Rf1+ 54. Kg2 Rf4 55. Kg3 Rf1 56. Rf3 Rg1+ 57. Kf2 Rxg4 58. f6 Rc4 59. f7 g4 60. Rf5+ 1-0

[Event "Olympiad Women 2024"]
[Site "Budapest HUN"]
[Date "2024.09.13"]
[Round "3.29"]
[Board "3"]
[White "Muratet Carmona, Alexandra"]
[Black "De Rycke, Tyani"]
[Result "0-1"]
[WhiteElo "1796"]
[BlackElo "2110"]
[PlyCount "90"]
[EventDate "2024.09.11"]
[WhiteTeam "Andorra"]
[BlackTeam "Belgium"]
[WhiteTeamCountry "AND"]
[BlackTeamCountry "BEL"]

1. e4 c5 2. Nf3 Nc6 3. d4 cxd4 4. Nxd4 Nf6 5. Nc3 e5 6. Ndb5 d6 7. Bg5 a6 8. Na3 b5 9. Nab1 Be7 10. Bxf6 Bxf6 11. Nd5 O-O 12. a4 b4 13. Bc4 Be6 ({RR} 13... Bg5 14. O-O Kh8 15. c3 bxc3 16. bxc3 f5 17. exf5 Bxf5 18. Na3 e4 19. Nc2 Ne5 20. Be2 Be6 21. Nce3 Nd7 22. a5 Nc5 23. Bc4 Ra7 24. Qe2 Raf7 25. Bxa6 Bh4 26. g3 Bg5 27. Bc4 Bh3 28. a6 {0-1 Pichot,A (2637)-Grischuk,A (2745) MrDodgy Inv 3 Finals 2022 (2.6)}) 14. Nd2 Bg5 15. O-O Ne7 $146 ({RR} 15... Na5 16. Ba2 Qb8 17. Nc4 Nxc4 18. Bxc4 a5 19. Qd3 Kh8 20. Rad1 f5 21. exf5 Bxf5 22. Qe2 Ra7 23. Bd3 g6 24. Bxf5 gxf5 25. f4 Bd8 26. Kh1 Rg7 27. Ne3 exf4 28. Nd5 Bg5 29. Nxf4 Re7 30. Qd3 {1-0 Savon,V (2545)-Ostojic,P (2495) Yerevan 1976 (2)}) ({RR} 15... a5 16. Nf3 Bh6 17. h3 Kh8 18. Qe2 f5 19. exf5 Bxf5 20. Rad1 Bg6 21. Ne3 e4 22. Nd4 Ne5 23. Ne6 Qh4 24. Nxf8 Rxf8 25. Ng4 Bh5 26. Be6 Nf3+ 27. gxf3 exf3 28. Qe4 Qxh3 29. Ne3 Bg4 30. Qxg4 {1-0 Ju,W (2558)-Szczepanek,R (2205) Titled Tue 18th Jun Early 2024 (1)}) ({RR} 15... Kh8 16. Nf3 Bh6 17. Bb3 g6 18. Qd3 Qa5 19. Ne3 Qc5 20. Bxe6 fxe6 21. Rad1 Rad8 22. Qxa6 Bxe3 23. fxe3 Qxe3+ 24. Kh1 Qxe4 25. Ng5 Qg4 26. Qxc6 Qxg5 27. Rxf8+ Rxf8 28. Qxd6 Qf5 29. h3 Kg8 30. a5 {1-0 Weinstein,N (2430)-Spraggett,K (2450) Quebec op Montreal 1976 (6)}) 16. f4 exf4 17. Nxf4 Bxc4 18. Nxc4 Qc7 19. Qd3 Bxf4 20. Rxf4 d5 21. e5 dxc4 22. Rxc4 Qxe5 23. Rxb4 Qc5+ 24. Qd4 Qxd4+ 25. Rxd4 Rfd8 26. Rc4 Rac8 27. Re4 Nd5 28. Rae1 Nf6 29. R4e2 Kf8 30. Rc1 Rd4 31. b3 Nd5 32. c4 Nf4 33. Rec2 Rd3 34. g3 Ne6 35. Rb1 Nc5 36. b4 Nxa4 37. Ra1 Nb6 38. Rxa6 Nxc4 39. b5 Rd5 40. Ra4 Rdc5 41. Rb4 Nd6 42. Rcb2 Rb8 43. b6 Rc6 44. Kf2 Rb7 45. Ke3 Nc4+ 0-1

[Event "Olympiad Women 2024"]
[Site "Budapest HUN"]
[Date "2024.09.13"]
[Round "3.29"]
[Board "4"]
[White "Musabayeva, Diana"]
[Black "Real Puigdollers, Silvia"]
[Result "1-0"]
[WhiteElo "1911"]
[BlackElo "1781"]
[PlyCount "91"]
[EventDate "2024.09.11"]
[WhiteTeam "Belgium"]
[BlackTeam "Andorra"]
[WhiteTeamCountry "BEL"]
[BlackTeamCountry "AND"]

1. e4 d5 2. exd5 Qxd5 3. Nc3 Qd8 4. d4 Nf6 5. Nf3 g6 6. Bc4 Bg7 7. O-O O-O 8. h3 Nc6 9. Be3 ({RR} 9. Re1 e6 10. a4 b6 11. Bf4 Bb7 12. Nb5 Rc8 13. c3 a6 14. Na3 Ne7 15. Qe2 Ra8 16. Nc2 Nf5 17. Nb4 Nd5 18. Nxd5 Bxd5 19. Bxd5 exd5 20. Ne5 Re8 21. Qf3 a5 22. g4 Nh4 23. Qg3 g5 {1-0 Caruana,F (2819)-Duda,J (2729) Paris GCT blitz 2019 (6)}) ({RR} 9. Bf4 b6 10. Qd2 Bb7 11. Rad1 e6 12. Ne5 Ne7 13. Bg5 Nf5 14. Ng4 h5 15. Nxf6+ Bxf6 16. Bxf6 Qxf6 17. Qf4 Rad8 18. d5 e5 19. Ne4 exf4 20. Nxf6+ Kg7 21. Ne4 c6 22. dxc6 Bxc6 23. Nc3 Rfe8 {1-0 Kurt,S (2064)-Kulon,K (2415) 51st Sparkassen Open A 2024 (1.16)}) 9... b6 10. a3 Bb7 11. Qe2 a6 $146 ({RR} 11... e6 12. Rad1 Ne7 13. Ne5 a6 14. Bg5 h6 15. Bc1 Nf5 16. Be3 Nh4 17. f3 Nh5 18. Qf2 Nf5 19. Bc1 c5 20. dxc5 Qc7 21. Ng4 bxc5 22. Ne2 Rad8 23. c3 Kh7 24. Ba2 a5 25. Bc4 Nd6 26. Ba2 {0-1 Jakovenko,D (2698)-Duda,J (2758) Wch Blitz Moscow 2019 (8)}) 12. Rad1 Qc8 13. Bf4 Nh5 14. Bh2 Na5 15. Bd5 e6 16. Bxb7 Nxb7 17. Ne4 Nf6 18. Be5 Nxe4 19. Qxe4 Nd6 20. Qc6 Rd8 21. Rd3 Qd7 22. Qxd7 Rxd7 23. b3 Rad8 24. Bxg7 Kxg7 25. Ne5 Nb5 26. Nxd7 Rxd7 27. c3 e5 28. a4 e4 29. Re3 Nd6 30. f3 f5 31. fxe4 Nxe4 32. g4 Rf7 33. Rxe4 fxe4 34. Rxf7+ Kxf7 35. Kf2 Kf6 36. Ke3 Kg5 37. Kxe4 Kh4 38. Kf4 h5 39. a5 b5 40. c4 b4 41. d5 Kxh3 42. gxh5 gxh5 43. c5 h4 44. Kf3 Kh2 45. d6 cxd6 46. cxd6 1-0

[Event "Olympiad Women 2024"]
[Site "Budapest HUN"]
[Date "2024.09.13"]
[Round "3.30"]
[Board "1"]
[White "Sulyok, Eszter"]
[Black "Marape, Naledi"]
[Result "1-0"]
[WhiteElo "2080"]
[BlackElo "1926"]
[PlyCount "47"]
[EventDate "2024.09.11"]
[WhiteTeam "Hungary C"]
[BlackTeam "Botswana"]
[BlackTeamCountry "BOT"]

1. c4 e5 2. g3 Nc6 3. Bg2 g6 4. Nc3 Bg7 5. d3 Nge7 6. e3 d6 7. Nge2 O-O 8. O-O f5 9. a3 ({RR} 9. Nd5 Be6 10. Nec3 Kh8 11. Bd2 g5 12. f4 exf4 13. exf4 g4 14. Re1 Nd4 15. Be3 Nec6 16. Bf2 Qd7 17. b4 Nf3+ 18. Bxf3 gxf3 19. Qxf3 Nxb4 20. Rac1 Nxd5 21. cxd5 Bf7 22. Ne2 Qb5 23. Bd4 Bxd4+ {0-1 Rakhmanov,A (2636)-Smirin,I (2655) Chigorin Memorial blitz 22nd 2014 (9)}) ({RR} 9. Rb1 a5 10. a3 g5 11. f4 Ng6 12. Kh1 g4 13. Nd5 h5 14. b4 axb4 15. axb4 h4 16. Bb2 h3 17. Bxh3 gxh3 18. Ng1 Nce7 19. Nxe7+ Qxe7 20. Nxh3 b6 21. Qh5 Rf6 22. Ng5 Ra2 23. Kg1 Bb7 {0-1 Swicarz,M (2341)-Arakhamia Grant,K (2380) Titled Tuesday intern op 09th Mar blitz 2021 (8)}) 9... g5 10. f4 $146 ({RR} 10. Rb1 Ng6 11. Nd5 Nce7 12. Nec3 c6 13. Nxe7+ Qxe7 14. e4 f4 15. g4 Nh4 16. f3 h5 17. h3 Rf6 18. Bd2 Be6 19. Be1 hxg4 20. hxg4 Rh6 21. Bh3 Kf7 22. Rf2 Rah8 23. Rh2 Qf6 24. b4 Ng6 {½-½ Araoun,S (1580)-Saim,M (1988) Africa-ch U20 2014 (1)}) 10... g4 11. Nd5 h5 12. Rb1 Ng6 13. b4 h4 14. Bb2 Nce7 15. e4 c6 16. Ne3 Be6 17. d4 exf4 18. Nxf4 Nxf4 19. Rxf4 Bh6 20. d5 Bxf4 21. gxf4 Bc8 22. Qd4 Kf7 23. exf5 Bxf5 24. Re1 1-0

[Event "Olympiad Women 2024"]
[Site "Budapest HUN"]
[Date "2024.09.13"]
[Round "3.30"]
[Board "2"]
[White "Gabatshwarwe Refilwe"]
[Black "Toth, Lili"]
[Result "1/2-1/2"]
[WhiteElo "1787"]
[BlackElo "2105"]
[PlyCount "84"]
[EventDate "2024.09.11"]
[WhiteTeam "Botswana"]
[BlackTeam "Hungary C"]
[WhiteTeamCountry "BOT"]

1. d4 Nf6 2. Nc3 d5 3. Bf4 c5 4. e3 e6 5. Nb5 Na6 6. c3 Be7 7. Nf3 ({RR} 7. a4 O-O 8. Nf3 Nh5 9. Be5 f6 10. Bg3 Bd7 11. Bd3 g6 12. Qe2 Qa5 13. O-O Nxg3 14. hxg3 c4 15. Bc2 Bxb5 16. axb5 Qxb5 17. e4 Rf7 18. b3 Nc7 19. bxc4 Qxc4 20. Bd3 Qc6 21. c4 a6 {1-0 Erigaisi,A (2701)-Hou Yifan (2628) Satty Zhuldyz Rapid 2023 (3.5)}) 7... Nh5 ({RR} 7... O-O 8. Ne5 Nd7 9. Bd3 Nxe5 10. Bxe5 Bd7 11. a4 c4 12. Bc2 Bxb5 13. axb5 Nc7 14. Qh5 g6 15. Qh6 Bf6 16. h4 Bxe5 17. dxe5 f5 18. h5 g5 19. g4 Qe8 20. gxf5 exf5 21. Rg1 Qxe5 22. Rxg5+ {1-0 Osmonbekov,T (2108)-Kozlov,D (2091) Titled Tue 18th Jun Early 2024 (8)}) 8. Bg3 Nxg3 9. hxg3 cxd4 $146 ({RR} 9... Qb6 10. a4 c4 11. b3 Nb8 12. bxc4 dxc4 13. Qb1 a6 14. Na3 Qb3 15. Qxb3 cxb3 16. Nc4 Nc6 17. Nfd2 Rb8 18. a5 b5 19. axb6 b2 20. Rb1 O-O 21. Rxb2 Rd8 22. Bd3 g6 23. Ke2 e5 24. Nxe5 {½-½ Linder,O (1870)-Lami,D (2074) 5th Kaltern-Trophy 2022 (1.10)}) 10. exd4 Nb8 11. a4 a6 12. Na3 Nd7 13. Bd3 Qc7 14. Qe2 g6 15. Nb1 Bf6 16. Nbd2 O-O 17. Kf1 e5 18. Nxe5 Nxe5 19. dxe5 Qxe5 20. Qxe5 Bxe5 21. f4 Bf6 22. Kf2 Bd7 23. Nf3 b5 24. axb5 axb5 25. Rxa8 Rxa8 26. Re1 Ra2 27. Re2 Kg7 28. Rd2 b4 29. cxb4 Ra4 30. b5 Rb4 31. Be2 Bxb5 32. Rxd5 Bxe2 33. Kxe2 Rxb2+ 34. Rd2 h5 35. Rxb2 Bxb2 36. Nd2 f5 37. Nf3 Ba3 38. Nd2 Bc5 39. Nb3 Bb6 40. Nd2 Kf6 41. Nf3 Ba7 42. Nd2 Bb6 1/2-1/2

[Event "Olympiad Women 2024"]
[Site "Budapest HUN"]
[Date "2024.09.13"]
[Round "3.30"]
[Board "3"]
[White "Nandin-Erdene, Davaademberel"]
[Black "Banda Natalie Katlo"]
[Result "1-0"]
[WhiteElo "2039"]
[BlackElo "1893"]
[PlyCount "79"]
[EventDate "2024.09.11"]
[WhiteTeam "Hungary C"]
[BlackTeam "Botswana"]
[BlackTeamCountry "BOT"]

1. Nf3 d5 2. g3 Nf6 3. Bg2 c6 4. O-O Bg4 5. h3 Bxf3 6. Bxf3 Qd7 ({RR} 6... Nbd7 7. d3 e5 8. e4 dxe4 9. dxe4 Bc5 10. Bg2 Qe7 11. a4 O-O 12. Qe2 a5 13. Nd2 Rfd8 14. Nb3 Bb6 15. Bd2 Nc5 16. Nxc5 Bxc5 17. Rfd1 h6 18. Be1 Nd7 19. h4 Bb6 20. Qc4 Nc5 21. b3 {½-½ Giri,A (2782)-Kramnik,V (2812) Paris GCT blitz 2016 (10)}) 7. Bg2 e5 8. d3 Bc5 $146 ({RR} 8... Be7 9. e4 O-O 10. Qe2 Qc7 11. Nd2 Re8 12. Re1 Nbd7 13. Nf1 Bc5 14. Bd2 a5 15. a4 Bb4 16. c3 Bf8 17. b4 Nb6 18. Reb1 axb4 19. a5 Nc8 20. cxb4 dxe4 21. dxe4 Nd6 22. Bg5 Be7 23. Rc1 {½-½ Khotenashvili,B (2480)-Lee,A (2388) Women's World Teams Final 2023 (2.2)}) ({RR} 8... h5 9. e3 Na6 10. a3 Nc7 11. Nd2 Bd6 12. c4 Ne6 13. Qe2 h4 14. g4 O-O-O 15. b4 Bc7 16. cxd5 cxd5 17. Bb2 d4 18. Qf3 Nd5 19. Ne4 Kb8 20. Rac1 Bb6 21. Nc5 Bxc5 22. bxc5 Ng5 23. Qe2 {1-0 Janev,E (2487)-Roeder,M (2469) Odivelas 2nd 2001 (4)}) 9. Nd2 O-O 10. e4 dxe4 11. dxe4 Rd8 12. Qe2 Qe6 13. Nf3 Nbd7 14. b3 a5 15. a3 b5 16. Bb2 Bd6 17. Nh4 a4 18. b4 Nb6 19. f4 Nc4 20. Bc3 c5 21. Nf5 cxb4 22. Nxd6 Qxd6 23. Bxb4 Qd4+ 24. Kh2 Qe3 25. Rae1 exf4 26. gxf4 Qxe2 27. Rxe2 Ra7 28. e5 Nd5 29. Rd1 Rad7 30. Bxd5 Rxd5 31. Rxd5 Rxd5 32. Kg3 Rd1 33. f5 Rd5 34. e6 fxe6 35. fxe6 Re5 36. Rf2 Re3+ 37. Kg2 g6 38. Rf8+ Kg7 39. e7 Nxa3 40. Bxa3 1-0

[Event "Olympiad Women 2024"]
[Site "Budapest HUN"]
[Date "2024.09.13"]
[Round "3.30"]
[Board "4"]
[White "Mosweu, Atlang Amolemo"]
[Black "Sipos, Stefania"]
[Result "0-1"]
[WhiteElo "1797"]
[BlackElo "1993"]
[PlyCount "98"]
[EventDate "2024.09.11"]
[WhiteTeam "Botswana"]
[BlackTeam "Hungary C"]
[WhiteTeamCountry "BOT"]

1. d4 Nf6 2. Bf4 g6 3. Nc3 d5 4. Qd2 Bg7 5. O-O-O O-O 6. Bh6 ({RR} 6. f3 c5 7. dxc5 Qa5 8. Kb1 d4 9. Ne4 Qxd2 10. Nxd2 Nd5 11. Bg5 h6 12. Bh4 e5 13. Nc4 Be6 14. Nd6 Na6 15. e4 Ne3 16. Bxa6 bxa6 17. Rd2 g5 18. Be1 Nc4 19. Nxc4 Bxc4 20. b4 Rab8 {½-½ Remolina Garcia,M (1718)-Pazos Gambarrotti,P (2020) XXXI Feria de las Flores 2024 (1.37)}) 6... c6 7. h4 b5 8. h5 Bxh6 $146 ({RR} 8... b4 9. Nb1 Bf5 10. hxg6 fxg6 11. f3 Nbd7 12. g4 Be6 13. Bxg7 Kxg7 14. Qh6+ Kg8 15. Nh3 Re8 16. Ng5 Nf8 17. e4 dxe4 18. Nxe6 Nxe6 19. Bc4 Qd6 20. fxe4 Kh8 21. e5 Qd7 22. Bxe6 Qxe6 23. exf6 {1-0 Leu,D (1810)-Yilmaz,B (1779) ECTCC Youth 2023 (5.6)}) 9. Qxh6 gxh5 10. e3 Bf5 11. f3 b4 12. Na4 Kh8 13. Bd3 Bxd3 14. Rxd3 Rg8 15. Rd2 Nbd7 16. Qf4 Qa5 17. b3 Rac8 18. Kb2 c5 19. Nxc5 Nxc5 20. dxc5 Qxc5 21. Qd4 Qc3+ 22. Kb1 e5 23. Qd3 Qxd3 24. cxd3 Rg3 25. Rh3 Rxh3 26. Nxh3 Kg7 27. Nf2 Rc3 28. Nd1 Rc7 29. d4 e4 30. Kb2 Kg6 31. Nf2 exf3 32. gxf3 Re7 33. Re2 h4 34. Nd3 a5 35. Ne5+ Kh5 36. Rh2 Nd7 37. Nxd7 Rxd7 38. Kc2 f5 39. Kd3 Rg7 40. Rh3 Rg3 41. Rxg3 hxg3 42. Ke2 Kg5 43. Kf1 h5 44. Kg2 h4 45. Kh3 Kh5 46. Kg2 f4 47. e4 dxe4 48. fxe4 Kg4 49. d5 h3+ 0-1

[Event "Olympiad Women 2024"]
[Site "Budapest HUN"]
[Date "2024.09.13"]
[Round "3.31"]
[Board "1"]
[White "Hermoso Rodriguez, Ysvett"]
[Black "Keinanen, Anastasia"]
[Result "0-1"]
[WhiteElo "1943"]
[BlackElo "2212"]
[PlyCount "76"]
[EventDate "2024.09.11"]
[WhiteTeam "Trinidad & Tobago"]
[BlackTeam "Finland"]
[BlackTeamCountry "FIN"]

1. e4 c5 2. Nf3 Nc6 3. d3 g6 4. g3 Bg7 5. Bg2 e6 6. O-O Nge7 7. c3 d5 8. Nbd2 b6 9. Re1 O-O 10. e5 f6 11. d4 cxd4 12. cxd4 fxe5 13. dxe5 Qc7 14. Qe2 Nf5 $146 ({RR} 14... a5 15. Nb3 Ba6 16. Qc2 Rac8 17. Bf4 Qd7 18. Qd2 Nb4 19. Nfd4 Nd3 20. Bf1 Nxf4 21. Bxa6 Nh3+ 22. Kg2 Rxf2+ 23. Qxf2 Nxf2 24. Bxc8 Nxc8 25. Kxf2 a4 26. Nd2 Bf8 27. N2f3 Bc5 28. Kg2 g5 29. h3 {0-1 Gocheva,R (2080)-Ranniku,M (2125) Tallinn (Women) 1986 (7)}) 15. Nb3 a5 16. g4 Nh6 17. h3 Rxf3 18. Bxf3 a4 19. Qb5 axb3 20. Qxb3 Nd4 21. Qd3 Nc2 22. Rd1 Nxa1 23. Bxd5 Ra5 24. Be4 Nf7 25. f4 Bb7 26. Be3 Bxe4 27. Qxe4 Rxa2 28. Bd4 Nb3 29. Bc3 Nc5 30. Qc4 Ra7 31. f5 Nxe5 32. Bxe5 Bxe5 33. b4 Ra1 34. Rxa1 Bxa1 35. fxe6 Qg3+ 36. Kh1 Qxh3+ 37. Kg1 Qe3+ 38. Kg2 Qe4+ 0-1

[Event "Olympiad Women 2024"]
[Site "Budapest HUN"]
[Date "2024.09.13"]
[Round "3.31"]
[Board "2"]
[White "Paasikangas, Johanna"]
[Black "La Fleur, Zara"]
[Result "1-0"]
[WhiteElo "2058"]
[BlackElo "1773"]
[PlyCount "77"]
[EventDate "2024.09.11"]
[WhiteTeam "Finland"]
[BlackTeam "Trinidad & Tobago"]
[WhiteTeamCountry "FIN"]

1. e4 e5 2. Nf3 Nc6 3. Nc3 Nf6 4. Bb5 Bc5 5. O-O d6 6. d4 exd4 7. Nxd4 Bd7 8. Bxc6 bxc6 9. Bg5 O-O ({RR} 9... h6 10. Bh4 O-O 11. Nb3 Bb6 12. e5 dxe5 13. Ne4 g5 14. Nxf6+ Qxf6 15. Qxd7 gxh4 16. Rae1 Rae8 17. Re4 Re6 18. Qd1 h3 19. gxh3 Kh8 20. c4 Qf5 21. Rg4 a5 22. c5 Ba7 23. Kh1 Rg6 24. Qe2 {0-1 Willow,J (2255)-Adams,M (2775) London Chess Classic: Blitz A 2019 (10)}) 10. Nb3 ({RR} 10. Qd3 Qe7 11. Rad1 h6 12. Bh4 g5 13. Bg3 Rae8 14. Rfe1 Nh5 15. Qf3 Nxg3 16. hxg3 Qe5 17. Nf5 Bxf5 18. exf5 Qxe1+ 19. Rxe1 Rxe1+ 20. Kh2 d5 21. Qh5 Kh7 22. Nd1 Re4 23. Nc3 Re1 24. Nd1 Re4 {½-½ Karagollu,A (2197)-Taspinar,Y (2311) TCh-TUR Super League 2024 (9.40)}) 10... Bb6 11. Qf3 a6 $146 ({RR} 11... Re8 12. Rfe1 h6 13. Bh4 Re6 14. Rad1 Qe7 15. a4 a5 16. Rd2 Re8 17. Rde2 Bc8 18. e5 dxe5 19. Ne4 Ba6 20. Rd2 g5 21. Nxg5 hxg5 22. Bxg5 e4 23. Qg3 Nh5 24. Qh4 f6 25. Bh6 Ng7 26. Nd4 {½-½ Grigoriadis,M (1965)-Harizopoulos,I (1643) GRE-chT 42nd 2014 (4.9)}) ({RR} 11... Re8 12. Na4 Re5 13. Bxf6 Qxf6 14. Qxf6 gxf6 15. Nxb6 axb6 16. Nd2 f5 17. f4 Rb5 18. b3 Rba5 19. a4 b5 20. e5 d5 21. Ra3 h6 22. Rfa1 c5 23. Nb1 bxa4 24. Nc3 d4 25. Nd5 Kg7 26. bxa4 {0-1 Kozlowski,J-Zielinski,M (1917) Polanica Zdroj op-B 44th 2008 (4)}) 12. e5 dxe5 13. Rad1 Qe7 14. Ne4 Bg4 15. Qxg4 Nxg4 16. Bxe7 Rfe8 17. Bc5 f5 18. Ng3 g6 19. h3 Nh6 20. Rd7 Rad8 21. Rfd1 Nf7 22. a4 a5 23. Nf1 Nd6 24. Rxd8 Rxd8 25. Ne3 Nb7 26. Rxd8+ Nxd8 27. Nc4 Nf7 28. Nxb6 cxb6 29. Bxb6 Nd6 30. Bxa5 Nc4 31. Bc3 Kf7 32. Nc5 e4 33. a5 Ke7 34. b3 Nd6 35. Bb4 Kd8 36. Ne6+ Ke7 37. Bxd6+ Kxe6 38. a6 Kxd6 39. a7 1-0